[Event "Amsterdam Science Park op-A"]
[Site "Amsterdam"]
[Date "2018.07.10"]
[Round "4"]
[White "Kollen, Zyon"]
[Black "Pham, Khoi"]
[Result "1/2-1/2"]
[WhiteElo "2313"]
[BlackElo "2037"]
[PlyCount "69"]
[EventDate "2018.07.07"]
[EventType "swiss"]
[EventRounds "9"]
[EventCountry "NED"]
[SourceTitle "CBM 185 Extra"]
[Source "ChessBase"]
[SourceDate "2018.07.29"]
[SourceVersion "1"]
[SourceVersionDate "2018.07.29"]
[SourceQuality "1"]

1. e4 c5 2. Nf3 d6 3. d4 cxd4 4. Nxd4 Nf6 5. Nc3 a6 6. Be3 e6 7. Qd2 b5 8. f3 Nbd7 9. g4 Nb6 10. 0-0-0 Bb7 11. Bd3 Rc8 12. Kb1 Nfd7 13. g5 d5 14. exd5 Nxd5 15. Nxd5 Bxd5 16. Be4 Bxe4 17. fxe4 Be7 18. h4 Ne5 19. Qg2 Qc7 20. Bf4 Bd6 21. h5 Nc4 22. Bxd6 Qxd6 23. Qf3 0-0 24. h6 g6 25. c3 Qe5 26. Rhg1 f6 27. Qe2 fxg5 28. Nf3 Qf6 29. Nxg5 Rcd8 30. Rxd8 Rxd8 31. Qg4 Rd6 32. Qg3 Qd8 33. Qg4 Qf6 34. Qg3 Qd8 35. Qg4 1/2-1/2

[Event "NED-chT 1718"]
[Site "Netherlands"]
[Date "2018.02.03"]
[Round "6.8"]
[White "Lahaye, Rick"]
[Black "Kollen, Zyon"]
[Result "0-1"]
[WhiteElo "2380"]
[BlackElo "2295"]
[PlyCount "106"]
[EventDate "2017.09.16"]
[EventType "team-tourn"]
[EventRounds "9"]
[EventCountry "NED"]
[SourceTitle "EXT 2019"]
[Source "ChessBase"]
[SourceDate "2018.10.10"]
[SourceVersion "1"]
[SourceVersionDate "2018.10.10"]
[SourceQuality "1"]
[WhiteTeam "En Passant"]
[BlackTeam "SISSA"]
[WhiteTeamCountry "NED"]
[BlackTeamCountry "NED"]

1. d4 e6 2. Nf3 Nf6 3. g3 d5 4. Bg2 Be7 5. 0-0 0-0 6. Nbd2 c5 7. c4 cxd4 8. cxd5 Qxd5 9. Nb3 d3 10. Nfd4 Qc4 11. exd3 Qa6 12. Qc2 Bd7 13. Qc4 Qb6 14. Qc2 Rc8 15. Qe2 Nc6 16. Be3 Qa6 17. Bf4 Nb4 18. Rfd1 Nfd5 19. Be5 Bf6 20. a3 Bxe5 21. axb4 Qd6 22. Nf3 Bf6 23. Nc5 Nxb4 24. Nxb7 Qb6 25. Ne5 Bxe5 26. Qxe5 Nc6 27. Bxc6 Rxc6 28. Na5 Rc2 29. Qf4 Qxb2 30. Rab1 Qf6 31. Qxf6 gxf6 32. Rdc1 Rxc1+ 33. Rxc1 Bb5 34. d4 Rd8 35. Rc5 a6 36. Nc6 Rd6 37. d5 Kf8 38. Nb4 exd5 39. Nxd5 Rc6 40. Rxc6 Bxc6 41. Nb4 Bb5 42. f4 Ke7 43. Kf2 Kd6 44. Ke3 Kc5 45. Nc2 Kc4 46. Kd2 a5 47. Ne3+ Kb3 48. Nf5 Kb2 49. Nd6 Ba6 50. Ne4 a4 51. Nc3 a3 52. Na4+ Kb3 53. Nc5+ Kc4 0-1